Atatürk'le Cumhuriyet yolunda kurtuluş (Record no. 3045)

MARC details
000 -BAŞLIK
Sabit Uzunlukta Kontrol Alanı 00758na a2200241 4500
001 - KONTROL NUMARASI
Denetim Alanı 14642
003 - KONTROL NUMARASI IDENTIFIER
Denetim Alanı MIRAKIL
005 - SON İŞLEM TARİHİ VE ZAMANI
Denetim Alanı 20181213154918.0
008 - SABİT-BOY VERİ ELEMANLARI - GENEL BİLGİLER
Sabit Uzunlukta Kontrol Alanı 160830b tu 000 0
020 ## - ULUSLARARASI STANDART KİTAP NUMARASI
Uluslararası Standart Kitap Numarası 9786058621015
035 ## - SİSTEM KONTROL NUMARASI
Sistem Kontrol Numarası 14642
040 ## - KATALOGLAMA KAYNAK
Orijinal Kataloglama Ajansı Milas
Kataloglama Dili tur
Metne Dönüştürmek Ajansı TR-AnCHP
082 ## - DEWEY ONLU SINIFLANDIRMA NUMARASI
Sınıflandırma Numarası ATA 956.1023
Ürün Numarası Ö94a 2014
090 ## - SINIFLAMA NUMARASI
Sınıflama Numarası ATA 956.1023 Ö94a 2014
100 ## - ANA GİRİŞ - KİŞİSEL İSİM
Kişisel Ad Özkan, Abdullah
245 ## - BAŞLIK TABLOSU
Başlık Atatürk'le Cumhuriyet yolunda kurtuluş
Başlığın Kalan olaylar, kişiler, eserler kronolojik tarih-alfabetik döküm
Sorumluluk Tablosu, Vb Abdullah Özkan
260 ## - YAYIN, DAĞITIM, VB
Yayın, Dağıtım, Vb Yeri İstanbul
Yayıncı, Dağıtıcı, Vs Adı [yayl. y.]
Yayın, Dağıtım, Vb Tarihi 2014
300 ## - FİZİKSEL TANIM
Kapsam 696 s.
Boyutlar 26 sm.
504 ## - KAYNAKÇA VB NOT
Kaynakça Vb Notu Kaynakça var.
600 ## - KONU KATMA GİRİŞ - KURUMSAL ADI
Kişisel Ad Atatürk, Mustafa Kemal
Bir Adıyla İlişkilendirilen Tarihler 1881-1938
651 ## - KONU KATMA GİRİŞ - COĞRAFİ ADI
Coğrafi İsim Türkiye
Genel Alt Bölümü Tarih
-- Kurtuluş Savaşı
-- Kronoloji
942 ## - EKLENDİ GİRİŞ ELEMANLARI (KOHA)
Sınıflandırma Veya Raf Düzeni Kaynak
Koha Öğesi Türü Books
999 ## - SİSTEM KONTROL NUMARALARI (KOHA)
Koha Biblionumber 3045
Koha Biblioitemnumber 3045
Holdings
Kalıcı Konum Mevcut Konum Edinme Tarihi Edinim Kaynak Toplam Check-Out'Lar Tam Çağrı Numarası Barkod Tarih Son Görülme İtibaren Geçerli Fiyatlar Koha Öğesi Türü
CHP Kütüphanesi CHP Kütüphanesi 08/30/2016 Bağış   ATA 956.1023 Ö94a 2014 002644 08/30/2016 08/30/2016 Books